| 000 | 00415cam a2200169ua 4500 | ||
|---|---|---|---|
| 020 | _c16.80 | ||
| 041 |
_aeng _h |
||
| 082 |
_a160 _bLAT/EI |
||
| 100 | _aLatta, Robert . | ||
| 245 |
_aElements of logic / _cRobert Latta. _hTextual Documents |
||
| 260 |
_aMelbourne : _bMacMillan and Company Limited , _c1964. |
||
| 300 | _a393 ; . | ||
| 365 | _a16.80 | ||
| 504 | _a | ||
| 942 | _cBK | ||
| 999 |
_c1697 _d1697 |
||